| 000 | 00522nam a2200181 i 4500 | ||
|---|---|---|---|
| 001 | 61047 | ||
| 003 | ES-MaACL | ||
| 005 | 20250830063052.0 | ||
| 007 | t| | ||
| 008 | 031110s1905 sp ||||1| spa d | ||
| 100 | 1 |
_aEstala, Pedro, _d1757-1815 _948003 |
|
| 245 | 1 | 0 |
_aCuatro cartas de un español a un anglómano / _cPedro Estala. |
| 250 | _a3ª ed. | ||
| 260 |
_aCádiz : _b[s.n.], _c1905. |
||
| 651 | 4 |
_aGran Bretaña- _xHistoria- _yS.XVIII. _9139408 |
|
| 852 |
_aES-MaACL _j1491-F-12 |
||
| 999 |
_c61047 _d61047 |
||